| 000 | 00826nam a2200241 i 4500 | ||
|---|---|---|---|
| 001 | bg | ||
| 003 | BPK | ||
| 005 | 20200425175343.0 | ||
| 008 | 000529s1978 pl a f f |000 0 pol | ||
| 015 | _aPB 1979/2062 | ||
| 040 |
_aWA N _cBPK |
||
| 041 | 0 | _apol | |
| 080 | _a631.3 | ||
| 080 | _a(075.8) | ||
| 100 | 1 |
_aKuczewski, Józef _d(1925-2002) _eAutor |
|
| 245 | 1 | 0 |
_aBudowa i regulacja maszyn rolniczych : _b[skrypt dla studentów akademii rolniczych] / _cJózef Kuczewski. |
| 260 |
_aWarszawa ; _aPoznań : _bPaństwowe Wydaw. Naukowe, _c1978. |
||
| 300 |
_a417, [2] s. : _bil., wykr. ; _c24 cm. |
||
| 655 | 4 | _aPodręczniki akademickie | |
| 650 | 4 | _aMaszyny i narzędzia rolnicze | |
| 856 |
_uhttp://koha.tu.koszalin.pl/cgi-bin/koha/opac-detail.pl?biblionumber=18145 _yKatalog online BPK |
||
| 942 |
_2UKD _cKS |
||
| 999 |
_c18145 _d18145 |
||